• 首页
  • 本馆介绍
  • 公告通知
  • 最新文献
  • 馆藏检索
  • 电子资源
  • 读者导购
  • 参考咨询
  • 我的图书馆
  • 登录
  • 详细信息显示
  • 放入我的书架
  • 预约/预借图书
  • 作者相关作品
  • 分类相关作品
  • 丛书相关作品
  • 出版社相关作品

书目信息

  • 表格格式
  • 工作单格式
  • 卡片格式
题名:
经济学常识
    
 
作者:
分册:  
出版信息: 北京   中国青年出版社  1983
页数: 323页
开本: 19cm
丛书名:
单 册:
中图分类: F40
科图分类:
主题词: 工业经济--经济理论
电子资源:
ISBN:
000 00553nam0 2200217 45
001 0183003383
005 20060720145612.57
010    @dCNY0.89
091    @a4009.75
100    @a19950427d1983 em y0chiy0121 ea
101 0  @achi
102    @aCN@b110000
105    @ay z 000yy
200 10 @a经济学常识@Ajing ji xue chang shi@e社会主义经济部分
210    @a北京@c中国青年出版社@d1983
215    @a323页@d19cm
606 0  @a工业经济@x经济理论
690    @aF40@v3
801  2 @aCN@bNLC@c20060720
801  0 @aCN@b上海图书馆@c20031224
905    @dF40@e24
    
    经济学常识:社会主义经济部分.-北京:中国青年出版社,1983
    323页;19cm
    
    
    ISBN :CNY0.89
    
●
相关链接 在E读中查询图书 在五车中查询图书 在当当中查询图书 在豆瓣中查询图书


正题名:经济学常识     索取号:F40/24         预约/预借

序号 登录号 条形码 馆藏地/架位号 状态 备注
1 0093798   001859260   密集书库/ [索取号:F40/24] 在馆    
2 0093799   001857930   密集书库/ [索取号:F40/24] 在馆    
3 0093800   000207546   密集书库/ [索取号:F40/24] 在馆    
4 0093801   000207467   第一借阅区/ [索取号:F40/24] 在馆    
5 0093802   000207500   第一样本阅览室/ [索取号:F40/24] 在馆    
6 0424784   204247840   密集书库/ [索取号:F40/24] 在馆    
唐山师范学院图书馆 欢迎您!
大连网信软件有限公司© 版权所有